<?xml version="1.0" encoding="UTF-8"?>
<record
    xmlns:xsi="http://www.w3.org/2001/XMLSchema-instance"
    xsi:schemaLocation="http://www.loc.gov/MARC21/slim http://www.loc.gov/standards/marcxml/schema/MARC21slim.xsd"
    xmlns="http://www.loc.gov/MARC21/slim">

  <leader>01486nam a22002897i 4500</leader>
  <controlfield tag="003">OSt</controlfield>
  <controlfield tag="005">20251202150132.0</controlfield>
  <controlfield tag="008">251202e2024    cr|ao||| ||||o001 0 spa d</controlfield>
  <datafield tag="020" ind1=" " ind2=" ">
    <subfield code="a">9789968589260</subfield>
  </datafield>
  <datafield tag="040" ind1=" " ind2=" ">
    <subfield code="b">spa</subfield>
    <subfield code="c">LADOV</subfield>
  </datafield>
  <datafield tag="041" ind1="0" ind2=" ">
    <subfield code="a">spa</subfield>
  </datafield>
  <datafield tag="082" ind1="0" ind2="4">
    <subfield code="a">708.972.86</subfield>
    <subfield code="b">S173s</subfield>
  </datafield>
  <datafield tag="245" ind1="1" ind2="0">
    <subfield code="a">Sal&#xF3;n Nacional de Artes Visuales 2023 / </subfield>
    <subfield code="c">direcci&#xF3;n general Mar&#xED;a Jos&#xE9; Chavarr&#xED;a Zamora ; texto institucional Esteban Calvo Campos ; texto autor invitado Camilo Retana Alvarado ; fotograf&#xED;as Tiffany Fern&#xE1;ndez Estrada y Mar&#xED;a Lourdes Robert Montes de Oca.</subfield>
  </datafield>
  <datafield tag="250" ind1=" " ind2=" ">
    <subfield code="a">1era Edici&#xF3;n</subfield>
    <subfield code="b">diciembre 2024</subfield>
  </datafield>
  <datafield tag="260" ind1=" " ind2=" ">
    <subfield code="a">San Jos&#xE9;, Costa Rica : </subfield>
    <subfield code="b">Ministerio de Cultura y Juventud,</subfield>
    <subfield code="c">2024.</subfield>
  </datafield>
  <datafield tag="300" ind1=" " ind2=" ">
    <subfield code="a">152 p&#xE1;ginas : </subfield>
    <subfield code="b">fotograf&#xED;as e ilustraciones a color ; </subfield>
    <subfield code="c">28 cm</subfield>
  </datafield>
  <datafield tag="520" ind1="3" ind2=" ">
    <subfield code="a">Esta publicaci&#xF3;n fue realizada para la muestra Sal&#xF3;n Nacional de Artes Visuales 2023 exhibida en el Museo de Arte Costarricense (MAC), San Jos&#xE9;, Costa Rica. Del 25 de mayo al 01 de octubre 2023.</subfield>
  </datafield>
  <datafield tag="610" ind1="2" ind2="7">
    <subfield code="a">Museo de Arte Costarricense</subfield>
    <subfield code="v">Exposiciones</subfield>
  </datafield>
  <datafield tag="610" ind1="2" ind2="7">
    <subfield code="a">Museo de Arte Costarricense</subfield>
    <subfield code="v">Concursos</subfield>
  </datafield>
  <datafield tag="650" ind1="0" ind2="7">
    <subfield code="a">Arte contempor&#xE1;neo</subfield>
    <subfield code="v">Exposiciones</subfield>
  </datafield>
  <datafield tag="700" ind1="1" ind2=" ">
    <subfield code="a">Chavarr&#xED;a Zamora, Mar&#xED;a Jos&#xE9;</subfield>
    <subfield code="d">1979-</subfield>
    <subfield code="e">directora</subfield>
  </datafield>
  <datafield tag="700" ind1="1" ind2=" ">
    <subfield code="a">Calvo Campos, Esteban</subfield>
    <subfield code="e">editor</subfield>
  </datafield>
  <datafield tag="700" ind1="1" ind2=" ">
    <subfield code="a">Retana Alvarado, Camilo </subfield>
    <subfield code="e">editor</subfield>
  </datafield>
  <datafield tag="700" ind1="1" ind2=" ">
    <subfield code="a">Fern&#xE1;ndez Estrada, Tiffany </subfield>
    <subfield code="e">fot&#xF3;grafa</subfield>
  </datafield>
  <datafield tag="700" ind1="1" ind2=" ">
    <subfield code="a">Robert Montes de Oca, Mar&#xED;a Lourdes </subfield>
    <subfield code="e">fot&#xF3;grafa</subfield>
  </datafield>
  <datafield tag="942" ind1=" " ind2=" ">
    <subfield code="2">ddc</subfield>
    <subfield code="c">1</subfield>
    <subfield code="h">708.972.86</subfield>
    <subfield code="i">S173s</subfield>
    <subfield code="n">0</subfield>
  </datafield>
  <datafield tag="999" ind1=" " ind2=" ">
    <subfield code="c">4574</subfield>
    <subfield code="d">4574</subfield>
  </datafield>
  <datafield tag="952" ind1=" " ind2=" ">
    <subfield code="0">0</subfield>
    <subfield code="1">0</subfield>
    <subfield code="2">ddc</subfield>
    <subfield code="4">0</subfield>
    <subfield code="7">0</subfield>
    <subfield code="8">Libros</subfield>
    <subfield code="a">LV</subfield>
    <subfield code="b">LV</subfield>
    <subfield code="d">2025-12-02</subfield>
    <subfield code="l">0</subfield>
    <subfield code="o">708.972.86 S173s</subfield>
    <subfield code="p">002745</subfield>
    <subfield code="r">2025-12-02 00:00:00</subfield>
    <subfield code="w">2025-12-02</subfield>
    <subfield code="y">1</subfield>
  </datafield>
  <datafield tag="952" ind1=" " ind2=" ">
    <subfield code="0">0</subfield>
    <subfield code="1">0</subfield>
    <subfield code="2">ddc</subfield>
    <subfield code="4">0</subfield>
    <subfield code="7">0</subfield>
    <subfield code="a">LV</subfield>
    <subfield code="b">LV</subfield>
    <subfield code="d">2026-03-27</subfield>
    <subfield code="l">0</subfield>
    <subfield code="o">700.074 M986sa</subfield>
    <subfield code="r">2026-03-27 21:55:25</subfield>
    <subfield code="w">2026-03-27</subfield>
    <subfield code="y">1</subfield>
  </datafield>
</record>
